000 00930pam a2200265 a 4500
999 _c128764
_d128764
001 2561846
003 ARRUPE
005 20190110121506.0
008 950920s1995 caua b 001 0 eng
010 _a 95039151
020 _a1559345233
040 _aDLC
_cDLC
_dDLC
050 0 0 _aSPC. CC140
_b.F43 1995
082 0 0 _a930.1
_220
100 1 _aFeder, Kenneth L.
_943962
245 1 0 _aFrauds, myths, and mysteries :
_bscience and pseudoscience in archaeology /
_cKenneth L. Feder.
250 _a2nd ed.
260 _aMountain View, CA :
_bMayfield Pub.,
_c1995.
300 _axiii, 290 p. :
_bill. ;
_c25 cm.
504 _aIncludes bibliographical references (p. 253-274) and index.
650 0 _aForgery of antiquities.
_943963
650 0 _aArchaeology.
_921550
906 _a7
_bcbc
_corignew
_d1
_eocip
_f19
_gy-gencatlg
942 _2lcc
_cSPC